000 00570nam a2200205Ia 4500
005 20250923145032.0
008 008 250917s9999 xx 000 0 eng d
037 _aTextual
040 _aDSWL
_beng
_cDSWL
041 _aeng
_2eng
084 _aY1, K4
_qDSWL
100 _aBredemier, H.C.
_9831114
245 0 _aAnalysis of social system
_cby H.C. Bredemier
260 _aNew York
_b Holt , Rinehart & Winston
_c1964
300 _axii,337 p.
365 _aUSD
_b6.25
925 _g6.25
942 _cTEXL
_hY1, K4
999 _c1446289
_d1446289